Statistics for Fresh Prince of Bel Air Characters

Click here to take the quiz!

General Stats

  • This quiz has been taken 4,299 times
    (3,890 since last reset)
  • The average score is 7 of 11

Answer Stats

ClueCharacter% Correct
Sent to live with his relatives in Bel AirWill
98%
Geeky cousin that loves Tom JonesCarlton
93%
Will's Uncle, but surrogate father figureUncle Phil
88%
Will's best friendJazz
74%
Played by two actressesAunt Vivian
72%
Everyone's favourite butlerGeoffrey
71%
Daddy I need $300!Hilary
70%
Will's favourite cousinAshley
69%
Born during season 3Nicky
42%
Will was supposed to marry herLisa
30%
Will's momVy
21%

Score Distribution

Percentile by Number Answered

Percent of People with Each Score

Your Score History

You have not taken this quiz since the last reset